000
00318nam a2200133Ia 4500
008
231129s1960||||xx |||||||||||||| ||spa||
040
_b
spa
082
_a
801.93 S384g
100
_a
Schucking Levin L.
245
0
_a
El gusto literario
260
_c
1960
264
_a
Fondo de Cultura Económica
942
_2
ddc
_c
BKS
999
_c
11209
_d
11209